Došlo z vydavateľstva Slovenský spisovateľ

Bibliographic Details
Main Author: M. V. (Author)
Format: Article
Language:Slovak
Subjects:

MARC

LEADER 00000nab a2200000 a 4500
001 vtls000144501
003 SK-MaSNL
005 20260305015746.0
008 131029c1983 xo 0 slo
015 |a SNBRB19rr/mm-uuuuu 
035 |a CL0154608 
040 |a SNKBUCL  |b slo  |c SNKBUCL  |e AACR2 
041 0 |a slo 
044 |a xo  |c SK 
080 |a 82:08  |2 1981 
080 |a 08  |2 1981 
080 |a 82  |2 1981 
080 |a 016  |2 1981 
100 0 |a M. V.  |4 aut  |9 1121314 
245 1 0 |a Došlo z vydavateľstva Slovenský spisovateľ  |c M. V. 
500 |a V rubrike Zápisník 
610 2 7 |a Slovenský spisovateľ (vydavateľstvo)  |2 snkbucl  |9 154446 
650 0 7 |a slovenské vydavateľstvá  |2 snkbucl  |9 837926 
655 7 |a články z novín a časopisov  |2 snkbucl  |9 267496 
655 7 |a články z odboru literárna veda a krásna literatúra  |2 snkbucl  |9 770045 
773 0 |t Slovenské pohľady  |g Roč. 99, č. 2 (1983), s. 156 
850 |a Slovenská národná knižnica v Martine  |a MTA001 
852 |a SNK  |b KIS3GCP 
954 |a odborná, vedecká literatúra pôvodná (slovenská)  |2 lita 
958 |a RK 
958 |a LX 
958 |a SF 
992 |a RBX 
999 |c 3276940  |d 3278870